Corporate Finance Essentials / (Record no. 16140)
[ view plain ]
| 000 -LEADER | |
|---|---|
| fixed length control field | 00874nam a22002775a 4500 |
| 008 - FIXED-LENGTH DATA ELEMENTS--GENERAL INFORMATION | |
| fixed length control field | 111012t2011 nyua|||fr|||| 001 0 eng d |
| 020 ## - INTERNATIONAL STANDARD BOOK NUMBER | |
| International Standard Book Number | 9780071221153 |
| 020 ## - INTERNATIONAL STANDARD BOOK NUMBER | |
| International Standard Book Number | 0071221158 |
| 040 ## - CATALOGING SOURCE | |
| Original cataloging agency | EG-ScBuE |
| Language of cataloging | eng |
| Transcribing agency | EG-ScBuE |
| 082 04 - DEWEY DECIMAL CLASSIFICATION NUMBER | |
| Classification number | 658.15 |
| Item number | JOR |
| Edition number | 22 |
| 100 1# - MAIN ENTRY--PERSONAL NAME | |
| Personal name | Jordan,Bradford D. |
| 9 (RLIN) | 2319 |
| 245 10 - TITLE STATEMENT | |
| Title | Corporate Finance Essentials / |
| Statement of responsibility, etc | Bradford D. Jordan,Randolph W. Westerfield,Stephen A. Ross. |
| 250 ## - EDITION STATEMENT | |
| Edition statement | 7th ed. |
| 260 ## - PUBLICATION, DISTRIBUTION, ETC. (IMPRINT) | |
| Place of publication, distribution, etc | New York : |
| Name of publisher, distributor, etc | McGraw-Hill Irwin, |
| Date of publication, distribution, etc | c.2011 |
| 300 ## - PHYSICAL DESCRIPTION | |
| Extent | 668 p. : |
| Other physical details | ill. ; |
| Dimensions | 26 cm |
| 500 ## - GENERAL NOTE | |
| General note | "Global edition"--Cover. |
| 500 ## - GENERAL NOTE | |
| General note | Includes index |
| 500 ## - GENERAL NOTE | |
| General note | Glossary : p. 640-646. |
| 590 ## - LOCAL NOTE (RLIN) | |
| Local note | yassmeen ashraf |
| 650 #0 - SUBJECT ADDED ENTRY--TOPICAL TERM | |
| 9 (RLIN) | 19972 |
| Topical term or geographic name as entry element | Corporations |
| General subdivision | Finance. |
| Source of heading or term | BUEsh |
| 651 ## - SUBJECT ADDED ENTRY--GEOGRAPHIC NAME | |
| Source of heading or term | BUEsh |
| 653 ## - INDEX TERM--UNCONTROLLED | |
| Resource For college | Engineering, General |
| Arrived date list | August2015 |
| 700 1# - ADDED ENTRY--PERSONAL NAME | |
| 9 (RLIN) | 2322 |
| Personal name | Westerfield, Randolph. |
| 700 1# - ADDED ENTRY--PERSONAL NAME | |
| 9 (RLIN) | 2323 |
| Personal name | Jordan, Bradford D. |
| 942 ## - ADDED ENTRY ELEMENTS (KOHA) | |
| Source of classification or shelving scheme | Dewey Decimal Classification |
| Item type | Book - Borrowing |
| Withdrawn status | Item status | Source of classification or shelving scheme | Damaged status | Not for loan | Vendor | Home library | Current library | Shelving location | Date acquired | Source of acquisition | Total Checkouts | Total Renewals | Full call number | Barcode | Date last seen | Date last borrowed | Koha item type |
|---|---|---|---|---|---|---|---|---|---|---|---|---|---|---|---|---|---|
| Dewey Decimal Classification | Baccah | Central Library | Central Library | First floor | 12/10/2011 | 7 | 34 | 658.15 JOR | 000025387 | 15/07/2025 | 26/09/2017 | Book - Borrowing | |||||
| Dewey Decimal Classification | Baccah | Central Library | Central Library | First floor | 12/10/2011 | 5 | 48 | 658.15 JOR | 000025388 | 15/07/2025 | 19/05/2014 | Book - Borrowing | |||||
| Dewey Decimal Classification | Baccah | Central Library | Central Library | First floor | 12/10/2011 | 10 | 27 | 658.15 JOR | 000025389 | 15/07/2025 | 30/04/2014 | Book - Borrowing | |||||
| Dewey Decimal Classification | Baccah | Central Library | Central Library | First floor | 12/10/2011 | 10 | 31 | 658.15 JOR | 000025390 | 15/07/2025 | 24/02/2014 | Book - Borrowing | |||||
| Dewey Decimal Classification | Baccah | Central Library | Central Library | First floor | 12/10/2011 | 7 | 29 | 658.15 JOR | 000025391 | 15/07/2025 | 29/09/2016 | Book - Borrowing | |||||
| Dewey Decimal Classification | Baccah | Central Library | Central Library | First floor | 12/10/2011 | 9 | 75 | 658.15 JOR | 000025392 | 15/07/2025 | 28/11/2017 | Book - Borrowing | |||||
| Dewey Decimal Classification | Baccah | Central Library | Central Library | First floor | 12/10/2011 | 9 | 60 | 658.15 JOR | 000025393 | 15/07/2025 | 31/10/2017 | Book - Borrowing | |||||
| Dewey Decimal Classification | Baccah | Central Library | Central Library | First floor | 12/10/2011 | 9 | 46 | 658.15 JOR | 000025394 | 15/07/2025 | 10/11/2016 | Book - Borrowing | |||||
| Dewey Decimal Classification | Baccah | Central Library | Central Library | First floor | 12/10/2011 | 7 | 131 | 658.15 JOR | 000025395 | 15/07/2025 | 01/10/2014 | Book - Borrowing | |||||
| Dewey Decimal Classification | Central Library | Central Library | First floor | 13/03/2018 | 658.15 JOR | 000047387 | 15/07/2025 | Book - Borrowing | |||||||||
| Dewey Decimal Classification | Central Library | Central Library | First floor | 20/05/2018 | Donation | 658.15 JOR | 000047803 | 15/07/2025 | Book - Borrowing |